[Event "26th EUR-ch"]
[Site "Katowice POL"]
[Date "2026.04.07"]
[Round "1.28"]
[White "Schippke, Manon"]
[Black "Lupulescu, Constantin"]
[Result "1/2-1/2"]
[WhiteElo "2269"]
[BlackElo "2587"]
[EventDate "2026.04.07"]
[PlyCount "58"]

1.d4 d5 2.c4 e6 3.Nc3 Nf6 4.cxd5 exd5 5.Bg5 c6 6.e3 h6 7.Bh4 Be7 8.Bd3 O-O
9.Nge2 Nh5 10.Bxe7 Qxe7 11.O-O Nd7 12.Rb1 Nb6 13.b4 a6 14.Na4 Nxa4 15.Qxa4
Qg5 16.Kh1 Bf5 17.Qc2 Bxd3 18.Qxd3 Nf6 19.Nc3 Nd7 20.a4 Nb6 21.a5 Nc8 22.
f3 Nd6 23.e4 Qg6 24.Rbd1 dxe4 25.fxe4 Rad8 26.Kg1 f6 27.Rfe1 Rfe8 28.Qf3 
Qf7 29.e5 fxe5 1/2-1/2

[Event "26th EUR-ch"]
[Site "Katowice POL"]
[Date "2026.04.07"]
[Round "1.29"]
[White "Abasov, Nijat"]
[Black "Mirski, Stanislaw"]
[Result "1-0"]
[WhiteElo "2586"]
[BlackElo "2266"]
[EventDate "2026.04.07"]
[PlyCount "81"]

1.e4 c5 2.Nf3 e6 3.b3 Nc6 4.Bb2 a6 5.c4 Qc7 6.g3 Nf6 7.e5 Ng4 8.Bg2 Be7 9.
O-O f5 10.exf6 Nxf6 11.d4 cxd4 12.Nxd4 O-O 13.Nc3 Rb8 14.Ne4 Nxd4 15.Qxd4 
b6 16.Rfe1 Bb7 17.Re2 Bxe4 18.Bxe4 Bc5 19.Qc3 a5 20.Bf3 Rbe8 21.a3 Rc8 22.
Kg2 Rf7 23.Rd1 Bf8 24.Qd3 Qa7 25.h4 Qa6 26.a4 Re8 27.Bxf6 Rxf6 28.Qxd7 Qc8
29.Qxc8 Rxc8 30.Bg4 Re8 31.f4 Kf7 32.Rd7+ Re7 33.Rd8 Rc7 34.Bxe6+ Ke7 35.
Rb8 Rxe6 36.Rxe6+ Kxe6 37.Rxf8 Kd6 38.Kf3 Kc5 39.Rd8 Kb4 40.Rd3 h5 41.g4 
1-0

[Event "26th EUR-ch"]
[Site "Katowice POL"]
[Date "2026.04.07"]
[Round "1.30"]
[White "Topencik, Bruno"]
[Black "Amar, Elham"]
[Result "1/2-1/2"]
[WhiteElo "2265"]
[BlackElo "2586"]
[EventDate "2026.04.07"]
[PlyCount "141"]

1.Nf3 Nf6 2.c4 e6 3.e3 d5 4.Nc3 Bd6 5.b3 O-O 6.Bb2 Re8 7.Be2 Nbd7 8.O-O a6
9.a4 b6 10.a5 dxc4 11.bxc4 Bb7 12.Qc2 e5 13.Ng5 bxa5 14.Rxa5 h6 15.Nge4 
Nxe4 16.Nxe4 Bb4 17.Ra2 Bxe4 18.Qxe4 Nf6 19.Qb1 a5 20.Rd1 c5 21.Qc2 Ra6 
22.d4 exd4 23.exd4 Rae6 24.Bf1 cxd4 25.Rxd4 Qc7 26.h3 Re1 27.Ra1 Bc5 28.
Rdd1 Rxd1 29.Rxd1 Ne4 30.Bd4 Bxd4 31.Rxd4 Nc5 32.Rd1 a4 33.Ra1 Qe5 34.Rxa4
Nxa4 35.Qxa4 Rd8 36.g3 g6 37.Qc2 Qa1 38.h4 Rd1 39.Qe2 Kg7 40.Kg2 h5 41.Kg1
Qb1 42.Kg2 Re1 43.Qd3 Qxd3 44.Bxd3 Kf6 45.Bc2 Rc1 46.Bb3 Rc3 47.Ba4 Rxc4 
48.Bb3 Rc7 49.Ba2 Ke5 50.Bb3 Ke4 51.Kf1 Kd3 52.Bd5 Kd2 53.Bb3 f5 54.Bd5 
Rc1+ 55.Kg2 Ke1 56.Bf7 Rc6 57.f4 Rb6 58.Bd5 Ke2 59.Bf3+ Ke3 60.Bd5 Rd6 61.
Bb7 Rd2+ 62.Kg1 Rd6 63.Kg2 Rd2+ 64.Kg1 g5 65.hxg5 h4 66.gxh4 Kxf4 67.g6 
Rd7 68.Bc6 Rc7 69.Bd5 Kg3 70.Kf1 Kxh4 71.Bf7 1/2-1/2

[Event "26th EUR-ch"]
[Site "Katowice POL"]
[Date "2026.04.07"]
[Round "1.31"]
[White "Petrosian, Manuel"]
[Black "Goderdzishvili, Giga"]
[Result "1-0"]
[WhiteElo "2584"]
[BlackElo "2261"]
[EventDate "2026.04.07"]
[PlyCount "80"]

1.d4 d5 2.Nf3 c6 3.Bf4 Bf5 4.c4 e6 5.Nc3 Nd7 6.e3 h6 7.h3 Ngf6 8.Qb3 Qc8 
9.Rc1 a6 10.Nd2 g5 11.Bg3 Be7 12.Be2 Kf8 13.Bf3 dxc4 14.Nxc4 Kg7 15.Nd6 
Bxd6 16.Bxd6 Ra7 17.e4 Bg6 18.O-O Qd8 19.Qa3 Re8 20.g3 a5 21.Rfd1 b5 22.e5
Nd5 23.Nxd5 cxd5 24.Rc6 Qa8 25.Rdc1 Ra6 26.Rc7 Nb6 27.b3 b4 28.Qb2 Ra7 29.
Qe2 Rc8 30.Qb5 Raxc7 31.Rxc7 Rxc7 32.Bxc7 Nc8 33.Qe8 Nb6 34.Qxa8 Nxa8 35.
Bxa5 Bd3 36.Bd1 f6 37.f4 gxf4 38.gxf4 Kg6 39.Kf2 fxe5 40.fxe5 h5 1-0

[Event "26th EUR-ch"]
[Site "Katowice POL"]
[Date "2026.04.07"]
[Round "1.32"]
[White "Lehaci, Miruna-Daria"]
[Black "Socko, Bartosz"]
[Result "1/2-1/2"]
[WhiteElo "2258"]
[BlackElo "2584"]
[EventDate "2026.04.07"]
[PlyCount "62"]

1.e4 d6 2.d4 Nf6 3.Nc3 e5 4.Nf3 Nbd7 5.Rg1 Be7 6.g4 h6 7.g5 hxg5 8.Bxg5 c6
9.Be3 Qa5 10.Qd2 exd4 11.Nxd4 Ne5 12.O-O-O Bg4 13.Be2 Rxh2 14.Bxg4 Nfxg4 
15.Nf5 Nc4 16.Qd4 Qb4 17.Nd5 cxd5 18.Rxg4 Qb6 19.Qxg7 Nxe3 20.Nxe3 Rxf2 
21.Nxd5 Qc5 22.c3 Kd7 23.Rg3 Qc4 24.Nxe7 Qe2 25.Rxd6+ Kxd6 26.Qd4+ Kxe7 
27.Qe5+ Kd7 28.Qd5+ Kc7 29.Qc5+ Kd7 30.Qd5+ Kc7 31.Qc5+ Kd7 1/2-1/2

[Event "26th EUR-ch"]
[Site "Katowice POL"]
[Date "2026.04.07"]
[Round "1.33"]
[White "Kourkoulos-Arditis, Stamatis"]
[Black "Boci, Mateu"]
[Result "1/2-1/2"]
[WhiteElo "2583"]
[BlackElo "2256"]
[EventDate "2026.04.07"]
[PlyCount "81"]

1.e4 c5 2.Nf3 d6 3.d4 cxd4 4.Nxd4 Nf6 5.Nc3 Nc6 6.Bg5 Bd7 7.Qd2 Rc8 8.
O-O-O Nxd4 9.Qxd4 Qa5 10.Bd2 a6 11.Kb1 Qc5 12.Qxc5 Rxc5 13.f3 h5 14.Be3 
Rc8 15.Be2 g6 16.Bd4 e5 17.Be3 Be6 18.Na4 Nd7 19.c4 f5 20.b3 h4 21.g3 Be7 
22.exf5 gxf5 23.g4 h3 24.Nc3 Kf7 25.Kb2 Rcg8 26.Rhg1 Nf6 27.g5 Nh5 28.Nd5 
Bxd5 29.Rxd5 f4 30.Bf2 Bxg5 31.c5 Bf6 32.Bc4 Rxg1 33.Bxg1 dxc5 34.Kc2 b5 
35.Rd7+ Kg6 36.Bd3+ Kg5 37.Rd6 Rc8 38.Rxa6 c4 39.bxc4 bxc4 40.Be4 Ng7 41.
Rc6 1/2-1/2

[Event "26th EUR-ch"]
[Site "Katowice POL"]
[Date "2026.04.07"]
[Round "1.34"]
[White "Celik, Ali Alper"]
[Black "Yilmaz, Mustafa"]
[Result "1-0"]
[WhiteElo "2256"]
[BlackElo "2582"]
[EventDate "2026.04.07"]
[PlyCount "174"]

1.e4 c5 2.Nc3 Nc6 3.Bb5 Nd4 4.a4 e6 5.Nf3 a6 6.Bc4 Nf6 7.d3 d5 8.Ba2 Nc6 
9.O-O Be7 10.Bf4 d4 11.Ne2 O-O 12.c3 dxc3 13.bxc3 b5 14.Ng3 Bb7 15.d4 cxd4
16.cxd4 Nb4 17.Bb1 bxa4 18.Qxa4 Qd7 19.Bd2 a5 20.Qxd7 Nxd7 21.Rc1 Rfc8 22.
Rxc8+ Bxc8 23.Ne1 a4 24.Nd3 Nxd3 25.Bxd3 a3 26.Kf1 Nb8 27.Bb5 Na6 28.Ke2 
Nb4 29.Kd1 Bb7 30.f3 h5 31.Nf1 Nc6 32.d5 exd5 33.exd5 Na5 34.Ne3 Nb3 35.
Ra2 Bg5 36.Bc6 Bxc6 37.dxc6 Ra7 38.Nd5 Nxd2 39.c7 Ra8 40.Rxa3 Rc8 41.Rc3 
Nf1 42.Ke2 Nxh2 43.Rb3 Kh7 44.Rb8 Rxc7 45.Nxc7 Bf4 46.Rb7 Bg3 47.Nd5 Kg6 
48.Rb6+ Kg5 49.Rb5 Kh4 50.Rb7 Be5 51.Rxf7 g5 52.Rh7 g4 53.f4 Bb2 54.f5 Kg5
55.f6 Kg6 56.Rg7+ Kf5 57.Rg8 Ke6 58.Nf4+ Kxf6 59.Nxh5+ Kf5 60.Kf2 Bd4+ 61.
Ke2 Be5 62.Ra8 Ke4 63.Ra4+ Kf5 64.Kf2 Bc7 65.Ng3+ Kg5 66.Ne4+ Kf5 67.Nd2 
Bb6+ 68.Ke2 Bc7 69.Ra7 Bb6 70.Rh7 Bg1 71.g3 Kg6 72.Rh8 Kf5 73.Rh5+ Kg6 74.
Rb5 Bd4 75.Rb1 Be5 76.Rg1 Bc3 77.Rg2 Bxd2 78.Kxd2 Nf3+ 79.Ke3 Ng5 80.Kf4 
Kh5 81.Rh2+ Nh3+ 82.Kf5 Kh6 83.Kxg4 Kg6 84.Kxh3 Kg5 85.Re2 Kh5 86.g4+ Kh6 
87.Kg3 Kg5 1-0

[Event "26th EUR-ch"]
[Site "Katowice POL"]
[Date "2026.04.07"]
[Round "1.35"]
[White "Pichot, Alan"]
[Black "Romanyshyn, Oleh"]
[Result "1-0"]
[WhiteElo "2581"]
[BlackElo "2255"]
[EventDate "2026.04.07"]
[PlyCount "76"]

1.e4 e5 2.Nf3 Nc6 3.Bb5 a6 4.Ba4 Nf6 5.O-O Be7 6.Re1 b5 7.Bb3 d6 8.c3 O-O 
9.h3 Nd7 10.d4 Bf6 11.d5 Na5 12.Bc2 Bb7 13.Nbd2 Nb6 14.Nf1 c6 15.dxc6 Bxc6
16.Ne3 g6 17.b3 Bg7 18.Ba3 Nb7 19.c4 Nc5 20.Nd2 Rc8 21.Rc1 Bh6 22.Bb1 Qe7 
23.Rc3 Rfd8 24.Nf3 Bg7 25.Nd5 Qa7 26.Qc1 Nxd5 27.cxd5 Bd7 28.Qe3 a5 29.b4 
axb4 30.Bxb4 Rc7 31.Rec1 Rdc8 32.Ne1 Bf8 33.a3 Qb8 34.f4 exf4 35.Qxf4 Na4 
36.Rxc7 Rxc7 37.Rxc7 Qxc7 38.Nf3 Nb6 1-0

[Event "26th EUR-ch"]
[Site "Katowice POL"]
[Date "2026.04.07"]
[Round "1.36"]
[White "Podolskyi, Mykhailo"]
[Black "Iturrizaga Bonelli, Eduardo"]
[Result "0-1"]
[WhiteElo "2255"]
[BlackElo "2575"]
[EventDate "2026.04.07"]
[PlyCount "136"]

1.e4 c5 2.Nf3 e6 3.d4 cxd4 4.Nxd4 a6 5.Nc3 b5 6.Bd3 Bb7 7.O-O Nc6 8.Nxc6 
Bxc6 9.Re1 Nf6 10.Qf3 Bd6 11.Qh3 Qc7 12.Bg5 h5 13.Bxf6 gxf6 14.Nd5 Qd8 15.
Qh4 Kf8 16.Ne3 Qc7 17.Rad1 Kg7 18.c4 b4 19.c5 Bxc5 20.e5 fxe5 21.Nc4 d6 
22.Qg5+ Kf8 23.Qf6 Rg8 24.Be4 Bxe4 25.Rxe4 Qc6 26.Rde1 Bd4 27.b3 Rg7 28.g3
Kg8 29.Qh6 Rh7 30.Qg5+ Kf8 31.Qf6 Bc3 32.R1e3 Re8 33.Qg5 Bd4 34.Re2 Qd7 
35.Rh4 Qe7 36.Qd2 Bc5 37.Qd3 f5 38.Qf3 Qb7 39.Qd3 Qd5 40.Qc2 Rc8 41.Rd2 
Bd4 42.Qd1 Qc5 43.Rxh5 Rcc7 44.Rc2 Qd5 45.Rd2 Qc6 46.Rc2 Qd5 47.Rd2 Qc6 
48.Rc2 Bc5 49.Rd2 e4 50.Rc2 Rcg7 51.Rxh7 Rxh7 52.Qa1 Ke7 53.Qc1 Kf6 54.h4 
Rg7 55.Qh6+ Kf7 56.Kh2 Qe8 57.Qf4 Ke7 58.Qd2 Qb8 59.Qh6 Qf8 60.Qd2 f4 61.
Ne5 e3 62.fxe3 fxg3+ 63.Kg2 Qf5 64.Nf3 Rg4 65.Rc4 Rxc4 66.bxc4 Qe4 67.Kxg3
Bxe3 68.Qb2 Qf4+ 0-1

[Event "26th EUR-ch"]
[Site "Katowice POL"]
[Date "2026.04.07"]
[Round "1.37"]
[White "Acs, Peter"]
[Black "Veljanoski, Andrej"]
[Result "0-1"]
[WhiteElo "2573"]
[BlackElo "2255"]
[EventDate "2026.04.07"]
[PlyCount "144"]

1.e4 e5 2.Nf3 Nc6 3.Bb5 a6 4.Ba4 Nf6 5.O-O Be7 6.Re1 b5 7.Bb3 O-O 8.c3 d6 
9.h3 Nb8 10.d4 Nbd7 11.Nbd2 Bb7 12.Bc2 Re8 13.Nf1 Bf8 14.Ng3 g6 15.b3 a5 
16.a3 c6 17.Bg5 h6 18.Be3 Qc7 19.Qd2 Kh7 20.Bd3 a4 21.b4 Nb6 22.Qa2 Kg8 
23.Rad1 Bc8 24.Qd2 Kh7 25.Qe2 Rb8 26.Nd2 Bg7 27.f3 d5 28.Qf2 exd4 29.cxd4 
dxe4 30.fxe4 Be6 31.Rc1 Qd7 32.e5 Nfd5 33.Nge4 Nxe3 34.Qxe3 Bd5 35.Nc5 Qe7
36.Qg3 Qg5 37.Qf2 Rbd8 38.Nde4 Qe7 39.h4 Nd7 40.Nxd7 Qxd7 41.h5 Qg4 42.Re3
Qxh5 43.Rh3 Qg4 44.Rh4 Qd7 45.Rxh6+ Bxh6 46.Nf6+ Kg7 47.Nxd7 Bxc1 48.Nf6 
Re6 49.Qg3 Bb2 50.Qh4 Rh8 51.Qg4 Bc4 52.Bf5 Re7 53.Bd7 Be6 54.Bxe6 Rxe6 
55.Kf1 Bxa3 56.Ne4 Bxb4 57.Ng5 Re7 58.Qf3 Rh5 59.Qxc6 Rxg5 60.Qf6+ Kg8 61.
Qxg5 a3 62.Qg4 Kg7 63.Qf3 Ra7 64.Qf6+ Kh7 65.Qb6 Ra5 66.Qf6 Bf8 67.Qxf7+ 
Bg7 68.Qa2 b4 69.Ke2 Ra7 70.d5 b3 71.Qxb3 a2 72.Qh3+ Bh6 0-1

[Event "26th EUR-ch"]
[Site "Katowice POL"]
[Date "2026.04.07"]
[Round "1.38"]
[White "Perets, Dmytro"]
[Black "Kazakouski, Valery"]
[Result "0-1"]
[WhiteElo "2253"]
[BlackElo "2572"]
[EventDate "2026.04.07"]
[PlyCount "108"]

1.d4 Nf6 2.Nf3 d5 3.c4 e6 4.Nc3 Nbd7 5.e3 c6 6.Qc2 Bd6 7.Bd3 dxc4 8.Bxc4 
O-O 9.O-O b5 10.Bd3 Bb7 11.Rd1 b4 12.Na4 Rc8 13.Nc5 Bxc5 14.dxc5 Qe7 15.
Bd2 a5 16.Rdc1 e5 17.e4 Rfd8 18.Be2 Rb8 19.b3 Bc8 20.a3 a4 21.axb4 axb3 
22.Qb1 Nxe4 23.Qxb3 Nxd2 24.Nxd2 Nxc5 25.Qe3 Nd7 26.Rxc6 Qxb4 27.Rb1 Qe7 
28.Rxb8 Nxb8 29.Rc1 Bf5 30.Ne4 Bxe4 31.Qxe4 g6 32.Bb5 Kg7 33.Re1 f6 34.h3 
Qa7 35.Qe3 Qxe3 36.Rxe3 Rd1+ 37.Kh2 Rb1 38.Ba4 Na6 39.Rc3 Rb7 40.Rc8 f5 
41.Re8 Nc5 42.Bc6 Rc7 43.Bd5 Nd3 44.Rg8+ Kf6 45.Rf8+ Kg5 46.Kg3 Rc3 47.h4+
Kh6 48.Bg8 Kg7 49.Rb8 e4 50.Ra8 f4+ 51.Kg4 h5+ 52.Kh3 Nxf2+ 53.Kh2 Ng4+ 
54.Kg1 Rc1# 0-1

[Event "26th EUR-ch"]
[Site "Katowice POL"]
[Date "2026.04.07"]
[Round "1.39"]
[White "Finek, Vaclav"]
[Black "Saraci, Korab"]
[Result "1-0"]
[WhiteElo "2571"]
[BlackElo "2251"]
[EventDate "2026.04.07"]
[PlyCount "59"]

1.d4 Nf6 2.c4 e6 3.Nc3 d5 4.cxd5 exd5 5.Bg5 c6 6.e3 Be7 7.Bd3 O-O 8.Qc2 
Nbd7 9.Nf3 Re8 10.O-O Nf8 11.h3 Nh5 12.Bxe7 Qxe7 13.Rab1 Ng6 14.b4 Nf6 15.
b5 Ne4 16.bxc6 bxc6 17.Rfc1 Qf6 18.Bxe4 dxe4 19.Nd2 Bf5 20.Ne2 Re6 21.Ng3 
Nh4 22.Qc5 h5 23.Nxh5 Qg5 24.g4 Rd8 25.Ng3 Rd5 26.Rb8+ Kh7 27.Qf8 Rxd4 28.
Qh8+ Kg6 29.Rg8 Kf6 30.Rxg7 1-0

[Event "26th EUR-ch"]
[Site "Katowice POL"]
[Date "2026.04.07"]
[Round "1.40"]
[White "Bourg, Nicolas"]
[Black "Dudin, Gleb"]
[Result "1/2-1/2"]
[WhiteElo "2249"]
[BlackElo "2566"]
[EventDate "2026.04.07"]
[PlyCount "62"]

1.e4 c5 2.Nf3 d6 3.Bc4 Nf6 4.Qe2 Nc6 5.c3 Bg4 6.d3 a6 7.Bb3 e6 8.Bf4 Be7 
9.Nbd2 Nd7 10.Nc4 O-O 11.h3 Bxf3 12.Qxf3 b5 13.Ne3 Bg5 14.Bh2 Nde5 15.Qe2 
Qf6 16.O-O Bf4 17.Bxf4 Qxf4 18.Rad1 Na5 19.Bc2 Rfc8 20.g3 Qf3 21.Qxf3 
Nxf3+ 22.Kg2 Ne5 23.f4 Nec6 24.g4 Rab8 25.Rd2 b4 26.Ba4 bxc3 27.bxc3 Rc7 
28.Nc4 Nxc4 29.dxc4 Na5 30.Rxd6 g5 31.Rxa6 Nxc4 1/2-1/2

[Event "26th EUR-ch"]
[Site "Katowice POL"]
[Date "2026.04.07"]
[Round "1.41"]
[White "Can, Isik"]
[Black "Przybylski, Bartosz"]
[Result "1-0"]
[WhiteElo "2563"]
[BlackElo "2249"]
[EventDate "2026.04.07"]
[PlyCount "75"]

1.e4 c5 2.Nf3 e6 3.d4 cxd4 4.Nxd4 Nf6 5.Nc3 Nc6 6.a3 d6 7.Be3 Be7 8.Be2 
O-O 9.Qd3 a6 10.O-O-O Qc7 11.f4 Bd7 12.g4 Nxd4 13.Bxd4 Bc6 14.g5 Nd7 15.h4
Rac8 16.Kb1 b5 17.g6 a5 18.gxh7+ Kh8 19.Qg3 e5 20.Rhg1 Bf6 21.fxe5 Nxe5 
22.Rdf1 Qe7 23.Bxb5 Bb7 24.h5 Kxh7 25.Qf2 Bg5 26.Qf5+ Kh6 27.Nd1 Nf3 28.
Rxf3 Bxe4 29.Bxg7+ Kxg7 30.Qxg5+ Qxg5 31.Rg2 Qg4 32.Rxg4+ Kh6 33.Rgg3 
Bxc2+ 34.Ka2 Bxd1 35.Rf6+ Kxh5 36.Bd7 Rc5 37.Rf1 Kh4 38.Rg7 1-0

[Event "26th EUR-ch"]
[Site "Katowice POL"]
[Date "2026.04.07"]
[Round "1.43"]
[White "Pultinevicius, Paulius"]
[Black "Smietanska, Wiktoria"]
[Result "1-0"]
[WhiteElo "2562"]
[BlackElo "2248"]
[EventDate "2026.04.07"]
[PlyCount "83"]

1.c4 e6 2.g3 d5 3.Bg2 Nf6 4.Nf3 d4 5.O-O c5 6.e3 Nc6 7.d3 dxe3 8.Bxe3 Be7 
9.Nc3 O-O 10.Na4 Qa5 11.a3 Bd7 12.Re1 Rfd8 13.Nxc5 Bxc5 14.b4 Bxb4 15.axb4
Qxb4 16.Rb1 Qd6 17.Bf4 Qc5 18.Rxb7 a5 19.Ne5 Nxe5 20.Bxe5 Rac8 21.Qa1 Bc6 
22.Bxf6 gxf6 23.Bxc6 Qxc6 24.Rb5 f5 25.Re3 a4 26.g4 fxg4 27.Rg5+ Kf8 28.
Qf6 Rb8 29.Re1 Qf3 30.Qa1 Ke7 31.Qxa4 h6 32.Rg7 Qf6 33.Qa3+ Ke8 34.Rxg4 
Rb2 35.Rg8+ Kd7 36.Qa7+ Kc6 37.Rxd8 Qxd8 38.Qxf7 Qg5+ 39.Kf1 e5 40.Qd5+ 
Kc7 41.Qxe5+ Qxe5 42.Rxe5 1-0

[Event "26th EUR-ch"]
[Site "Katowice POL"]
[Date "2026.04.07"]
[Round "1.44"]
[White "Brzezina, Pawel"]
[Black "Sokolovsky, Yahli"]
[Result "0-1"]
[WhiteElo "2247"]
[BlackElo "2559"]
[EventDate "2026.04.07"]
[PlyCount "82"]

1.d4 Nf6 2.c4 e6 3.Nc3 d5 4.cxd5 exd5 5.Bg5 Be7 6.e3 c6 7.Bd3 O-O 8.Qc2 
Nbd7 9.Nge2 Re8 10.O-O Nf8 11.a3 a5 12.f3 g6 13.Rae1 Ne6 14.Bh4 b5 15.Nb1 
Qb6 16.Rc1 Bd7 17.Nd2 a4 18.f4 Ng4 19.Bf2 Rac8 20.Nc3 Qb7 21.Qd1 Ng7 22.
Qf3 Ra8 23.Bc2 f5 24.Qe2 c5 25.Qf3 Bc6 26.Nd1 Ne6 27.Nc3 cxd4 28.exd4 Bf6 
29.Ne2 Qb6 30.Bb1 Bxd4 31.Nxd4 Nxd4 32.Qd3 Nxf2 33.Rxc6 Nxc6 34.Rxf2 Re1+ 
35.Nf1 Nd4 36.g3 Rae8 37.Ba2 Qc5 38.Kg2 R1e2 39.g4 Rxf2+ 40.Kxf2 Re2+ 41.
Kg3 Rxb2 0-1

[Event "26th EUR-ch"]
[Site "Katowice POL"]
[Date "2026.04.07"]
[Round "1.45"]
[White "Costa, Leonardo"]
[Black "Maltezeanu, Stefan"]
[Result "1-0"]
[WhiteElo "2556"]
[BlackElo "2245"]
[EventDate "2026.04.07"]
[PlyCount "75"]

1.d4 d5 2.c4 c6 3.Nf3 Nf6 4.e3 e6 5.Nbd2 Nbd7 6.b3 Bd6 7.Bb2 O-O 8.Bd3 Qe7
9.Ne5 c5 10.O-O Rd8 11.Qe2 Nf8 12.f4 Bd7 13.Rad1 a6 14.g4 b5 15.g5 Ne8 16.
Rf3 bxc4 17.bxc4 Rab8 18.Nb3 Ba4 19.Rh3 f5 20.cxd5 Bxb3 21.axb3 Bxe5 22.
dxe5 Rxd5 23.e4 fxe4 24.Bxe4 Rxd1+ 25.Qxd1 c4 26.Qc2 Qc5+ 27.Kg2 Qb4 28.
Bxh7+ Nxh7 29.Qxh7+ Kf8 30.Bc3 Qb7+ 31.Rf3 cxb3 32.Bb2 Qb4 33.f5 Qd2+ 34.
Kh3 Qxb2 35.f6 gxf6 36.g6 Ng7 37.Qh8+ Ke7 38.Qxg7+ 1-0

[Event "26th EUR-ch"]
[Site "Katowice POL"]
[Date "2026.04.07"]
[Round "1.46"]
[White "Karpus, Michal"]
[Black "Vykouk, Jan"]
[Result "1-0"]
[WhiteElo "2243"]
[BlackElo "2553"]
[EventDate "2026.04.07"]
[PlyCount "81"]

1.e4 c5 2.Nc3 e6 3.d4 cxd4 4.Qd2 d3 5.Qxd3 Nc6 6.Qd2 Nf6 7.b3 Bb4 8.f3 d5 
9.a3 Ba5 10.b4 Bc7 11.Bb2 Be5 12.Bd3 O-O 13.f4 Bd4 14.e5 Ne4 15.Bxe4 dxe4 
16.O-O-O Bxc3 17.Qxc3 Qb6 18.Nh3 a5 19.Qc5 Ra6 20.Qxb6 Rxb6 21.c3 f5 22.
exf6 gxf6 23.Rhe1 e5 24.Rxe4 Bf5 25.Re3 Rc8 26.Rd6 axb4 27.axb4 Rb5 28.
Rxf6 Bg6 29.f5 Nxb4 30.fxg6 Na2+ 31.Kc2 Nb4+ 32.Kb1 Nd5 33.gxh7+ Kxh7 34.
Ng5+ Kg7 35.Rff3 Nxe3 36.Rxe3 Kg6 37.Ne4 Rd5 38.Kc2 Kf5 39.g4+ Kf4 40.Bc1 
Ra5 41.Nd6 1-0

[Event "26th EUR-ch"]
[Site "Katowice POL"]
[Date "2026.04.07"]
[Round "1.47"]
[White "Moroni, Luca jr"]
[Black "Prisacaru, Stefan-Emilian"]
[Result "1-0"]
[WhiteElo "2551"]
[BlackElo "2243"]
[EventDate "2026.04.07"]
[PlyCount "91"]

1.c4 c6 2.Nf3 d5 3.e3 Nf6 4.d4 g6 5.b3 Bg7 6.Bb2 O-O 7.Be2 c5 8.O-O cxd4 
9.exd4 Nc6 10.Nbd2 b6 11.Ne5 Bb7 12.Bf3 Nxe5 13.dxe5 Nd7 14.Qe2 Nc5 15.
Rad1 dxc4 16.Bxb7 Nxb7 17.Nxc4 Qc8 18.f4 Rd8 19.Rxd8+ Nxd8 20.Ne3 Qb7 21.
Qb5 Qc6 22.Qxc6 Nxc6 23.Rc1 Nb4 24.Ba3 Nd3 25.Rc4 Bh6 26.Nd5 e6 27.Nf6+ 
Kg7 28.g3 g5 29.Rc3 Nc5 30.Bc1 gxf4 31.gxf4 Rd8 32.Rg3+ Kh8 33.Rh3 Kg7 34.
Kg2 Nd3 35.Be3 Bxf4 36.Nh5+ Kh8 37.Bxf4 Nxf4+ 38.Nxf4 Rd2+ 39.Kf3 Rxa2 40.
Nh5 Rb2 41.Ke4 Re2+ 42.Kd4 Rd2+ 43.Kc3 Re2 44.Nf6 Kg7 45.Rg3+ Kh6 46.h4 
1-0

[Event "26th EUR-ch"]
[Site "Katowice POL"]
[Date "2026.04.07"]
[Round "1.48"]
[White "Brozyna, Mateusz"]
[Black "Sanal, Vahap"]
[Result "1/2-1/2"]
[WhiteElo "2242"]
[BlackElo "2551"]
[EventDate "2026.04.07"]
[PlyCount "95"]

1.d4 d6 2.Nf3 Nf6 3.c4 g6 4.Nc3 Bg7 5.e4 O-O 6.Be2 e5 7.Be3 Nbd7 8.d5 Ng4 
9.Bg5 f6 10.Bc1 Nh6 11.h3 Nf7 12.Qc2 a5 13.g4 Nc5 14.Be3 f5 15.exf5 gxf5 
16.O-O-O e4 17.Nd4 Qf6 18.Nxf5 Bxf5 19.gxf5 Ne5 20.Bxc5 dxc5 21.Nxe4 Qxf5 
22.Bg4 Qf4+ 23.Kb1 Kh8 24.Rhg1 a4 25.a3 b6 26.Rg3 Rae8 27.Bh5 Re7 28.Rdg1 
Qh4 29.Bg4 Rf4 30.f3 Qh6 31.Qxa4 Rf8 32.Qc2 Qf4 33.h4 h6 34.Rh3 Qe3 35.
Rhh1 Nxg4 36.Rxg4 Qxf3 37.Rhg1 Qf5 38.Nc3 Kh7 39.Qxf5+ Rxf5 40.R1g2 Bxc3 
41.bxc3 h5 42.Rg5 Rxg5 43.Rxg5 Kh6 44.Rf5 Kg6 45.Rg5+ Kh6 46.Rf5 Kg6 47.
Rg5+ Kh6 48.Rf5 1/2-1/2

[Event "26th EUR-ch"]
[Site "Katowice POL"]
[Date "2026.04.07"]
[Round "1.49"]
[White "Can, Emre"]
[Black "Drazic, Sinisa"]
[Result "1-0"]
[WhiteElo "2546"]
[BlackElo "2239"]
[EventDate "2026.04.07"]
[PlyCount "41"]

1.e4 c5 2.Nf3 e6 3.d4 cxd4 4.Nxd4 a6 5.c4 Nc6 6.Nc3 Nxd4 7.Qxd4 Ne7 8.Be3 
Nc6 9.Qd2 b6 10.Be2 Bc5 11.O-O d6 12.Rad1 Rb8 13.f4 Bb7 14.a3 e5 15.fxe5 
Nxe5 16.Bxc5 dxc5 17.Rf5 f6 18.Bh5+ g6 19.Qh6 Qxd1+ 20.Bxd1 Nf7 21.Qf4 1-0

[Event "26th EUR-ch"]
[Site "Katowice POL"]
[Date "2026.04.07"]
[Round "1.50"]
[White "Zalega, Maciej"]
[Black "Gavrilescu, David"]
[Result "1/2-1/2"]
[WhiteElo "2233"]
[BlackElo "2545"]
[EventDate "2026.04.07"]
[PlyCount "55"]

1.e4 c5 2.Nf3 d6 3.d4 cxd4 4.Nxd4 Nf6 5.Nc3 a6 6.Bg5 e6 7.Qf3 Nbd7 8.O-O-O
h6 9.Bxf6 Qxf6 10.Qe3 g5 11.g3 Ne5 12.f4 gxf4 13.gxf4 Ng6 14.Nf5 Bd7 15.
Bh3 Bc6 16.Nd5 Bxd5 17.exd5 O-O-O 18.dxe6 fxe6 19.Nd4 Qxf4 20.Bxe6+ Kb8 
21.Qxf4 Nxf4 22.Rhf1 Nxe6 23.Nxe6 Re8 24.Nxf8 Rhxf8 25.Rxf8 Rxf8 26.Rxd6 
Rf1+ 27.Rd1 Rf2 28.Rd2 1/2-1/2

[Event "26th EUR-ch"]
[Site "Katowice POL"]
[Date "2026.04.07"]
[Round "1.51"]
[White "Seemann, Jakub"]
[Black "Krasniewski, Maciej"]
[Result "1-0"]
[WhiteElo "2545"]
[BlackElo "2227"]
[EventDate "2026.04.07"]
[PlyCount "73"]

1.d4 Nf6 2.c4 e6 3.Nf3 b6 4.g3 Bb7 5.Bg2 Be7 6.O-O O-O 7.Re1 Na6 8.h4 h6 
9.a3 c5 10.d5 exd5 11.Nh2 d6 12.cxd5 c4 13.Nc3 Nc5 14.Nf3 Nb3 15.Rb1 Nd7 
16.Bf4 a6 17.Qc2 Re8 18.Rbd1 Qc7 19.g4 Nbc5 20.g5 hxg5 21.Nxg5 Bxg5 22.
hxg5 Ne5 23.Ne4 Nxe4 24.Bxe4 g6 25.Kg2 Qc5 26.Be3 Qc7 27.Rh1 Qd7 28.f3 Kg7
29.Bxb6 Rh8 30.Bd4 Rxh1 31.Rxh1 Rc8 32.Qc3 f6 33.gxf6+ Kxf6 34.Qe3 Rf8 35.
Qf4+ Ke7 36.Qg5+ Ke8 37.Bxe5 1-0

[Event "26th EUR-ch"]
[Site "Katowice POL"]
[Date "2026.04.07"]
[Round "1.52"]
[White "Antolak, Julia"]
[Black "Warmerdam, Max"]
[Result "1/2-1/2"]
[WhiteElo "2223"]
[BlackElo "2545"]
[EventDate "2026.04.07"]
[PlyCount "119"]

1.d4 Nf6 2.c4 e6 3.Nc3 Bb4 4.Qc2 O-O 5.e4 c5 6.dxc5 Bxc5 7.Bg5 Nc6 8.Nf3 
h6 9.Bh4 d6 10.O-O-O e5 11.h3 Be6 12.g4 Nd4 13.Nxd4 Bxd4 14.Nb5 Bc5 15.Kb1
a6 16.Nc3 Rc8 17.Nd5 Bxd5 18.exd5 Re8 19.Rg1 e4 20.Bg2 e3 21.fxe3 Bxe3 22.
Rgf1 Bg5 23.Bg3 b5 24.h4 Rxc4 25.Qf5 Rxg4 26.hxg5 Rxg3 27.gxf6 Rxg2 28.Rg1
Ree2 29.Rxg2 Rxg2 30.Rc1 Rg5 31.Rc8 Rxf5 32.Rxd8+ Kh7 33.fxg7 Kxg7 34.Rxd6
Rf6 35.Rc6 h5 36.d6 Rf5 37.Rxa6 Rd5 38.a4 h4 39.axb5 h3 40.Kc2 Rd1 41.d7 
h2 42.d8=Q Rxd8 43.Ra1 Kf6 44.Rh1 Rh8 45.b6 Kf5 46.b7 Kg4 47.b8=Q Rxb8 48.
Rxh2 f5 49.Kc3 f4 50.b4 f3 51.Kc4 Kg3 52.Rh1 f2 53.b5 Re8 54.b6 Re4+ 55.
Kc5 Re5+ 56.Kc6 Re6+ 57.Kc5 Kg2 58.Rb1 Re1 59.Rb2 Kg1 60.Rxf2 1/2-1/2

[Event "26th EUR-ch"]
[Site "Katowice POL"]
[Date "2026.04.07"]
[Round "1.53"]
[White "Kantor, Gergely"]
[Black "Mierins, Emils Janis"]
[Result "1-0"]
[WhiteElo "2544"]
[BlackElo "2223"]
[EventDate "2026.04.07"]
[PlyCount "99"]

1.e4 c5 2.Nf3 Nc6 3.Bb5 d6 4.O-O Bd7 5.Re1 Nf6 6.c3 a6 7.Bf1 Bg4 8.h3 Bxf3
9.Qxf3 e6 10.d3 Be7 11.Nd2 O-O 12.Qd1 b5 13.Nf3 Qb6 14.d4 cxd4 15.cxd4 d5 
16.e5 Nd7 17.Bd3 Rfc8 18.Be3 Ra7 19.h4 Rac7 20.Bb1 a5 21.h5 a4 22.Nh2 a3 
23.bxa3 Qa5 24.Bd3 Qxa3 25.Bxb5 Nb4 26.Rc1 Nb6 27.Rxc7 Rxc7 28.Qg4 Bf8 29.
Bg5 Nxa2 30.Nf3 Qb4 31.Bd3 Nc3 32.Bd8 Rd7 33.Ng5 Ne4 34.Rb1 Qxd4 35.Bxe4 
dxe4 36.Bxb6 Qxe5 37.Be3 f5 38.Qf4 Qf6 39.Qb8 h6 40.Nh3 e5 41.Rb6 Qe7 42.
Rc6 Rd8 43.Rc8 Rxc8 44.Qxc8 f4 45.Bc1 Qc5 46.Qe6+ Kh8 47.Bb2 e3 48.Qxe5 
Qb4 49.Bc3 Qc4 50.Nxf4 1-0

[Event "26th EUR-ch"]
[Site "Katowice POL"]
[Date "2026.04.07"]
[Round "1.54"]
[White "Dubinski, Mateusz"]
[Black "Subelj, Jan"]
[Result "0-1"]
[WhiteElo "2222"]
[BlackElo "2543"]
[EventDate "2026.04.07"]
[PlyCount "40"]

1.d4 Nf6 2.c4 e6 3.Nc3 Bb4 4.e3 O-O 5.Bd2 d5 6.Rc1 c6 7.Nf3 Nbd7 8.Bd3 
dxc4 9.Bxc4 Qe7 10.Ne5 Nxe5 11.dxe5 Nd7 12.f4 Nxe5 13.fxe5 Qh4+ 14.g3 Qxc4
15.a3 Ba5 16.Rf1 Qd3 17.Rf4 Rd8 18.Rf2 Bc7 19.e4 Bxe5 20.Qh5 f6 0-1

[Event "26th EUR-ch"]
[Site "Katowice POL"]
[Date "2026.04.07"]
[Round "1.55"]
[White "Laurent-Paoli, Pierre"]
[Black "Gov, Guy"]
[Result "1-0"]
[WhiteElo "2542"]
[BlackElo "2222"]
[EventDate "2026.04.07"]
[PlyCount "95"]

1.d4 d5 2.c4 dxc4 3.Nf3 Nf6 4.e3 e6 5.Bxc4 c5 6.O-O Nc6 7.a3 a6 8.dxc5 
Qxd1 9.Rxd1 Bxc5 10.b4 Be7 11.Bb2 O-O 12.Nbd2 b5 13.Be2 Bb7 14.Nb3 Rfd8 
15.Rdc1 Rac8 16.Ne1 Nd7 17.Nd3 Ba8 18.Kf1 Kf8 19.Ndc5 Bxc5 20.Nxc5 Nxc5 
21.Rxc5 f6 22.a4 Kf7 23.axb5 axb5 24.Rxa8 Rxa8 25.Rxc6 Rd2 26.Bc3 Rc2 27.
Bxb5 Raa2 28.Be1 Rcb2 29.Ra6 Ke7 30.h4 e5 31.g4 Rxa6 32.Bxa6 Kd6 33.Bd3 g6
34.h5 gxh5 35.gxh5 h6 36.e4 Ra2 37.Be2 Rc2 38.f3 Ra2 39.Bf2 Ra1+ 40.Kg2 
Ra2 41.Bf1 Rb2 42.b5 Rb3 43.b6 Rc3 44.Bb5 Rc8 45.Be3 Rg8+ 46.Kf2 Ra8 47.
Bxh6 Rh8 48.Bg7 1-0